| 000 | 00756nam a22002297a 4500 | ||
|---|---|---|---|
| 003 | OSt | ||
| 005 | 20251029021334.0 | ||
| 008 | 251029b |||||||| |||| 00| 0 eng d | ||
| 020 | _a971-92981-8-9. | ||
| 040 |
_aDWCL-Main lib _cOC |
||
| 082 | _aFil. 599.9 R297h 2004 | ||
| 100 | _aRecio, Dolores M. | ||
| 245 |
_aHuman Behavior : _bfrom the disciplines of anthropology, psychology, and sociology _cRecio, Dolores M. |
||
| 260 |
_aMakati City : _bBookquick Marketing, _cc2004. |
||
| 300 |
_axiii, 361 pages : _billustration : _c25 cm. |
||
| 504 | _aIncludes bibliographical references. | ||
| 650 | _21. Evolution. | ||
| 650 | _22. Physical anthropology. | ||
| 700 | _aMejico, Merle F. | ||
| 700 | _aAƱonuevo, Cora A. | ||
| 942 |
_2ddc _cBK - FIL _kFil. _n0 |
||
| 999 |
_c5262 _d5262 |
||